Balkan Flags Quiz - Statistics

General Stats
  • This quiz has been taken 5,038 times
  • The average score is 12 of 13
Answer Stats
Picture Answer % Correct
Albania
96%
Croatia
96%
Greece
96%
Bosnia and Herzegovina
94%
Slovenia
94%
Serbia
93%
Kosovo
92%
Romania
92%
Montenegro
90%
Turkey
90%
Bulgaria
89%
Macedonia
89%
Moldova
77%
No matching quizzes found
Score Distribution
Percent of People with Each Score
Percentile by Number Answered
Your Score History
You have not taken this quiz